Statistiques concernant Chiens connus

Cliquez ici pour prendre le quiz!

Statistiques générales

  • Ce quiz a été pris 439 fois
  • Le résultat moyen est 10 sur 15

Statistiques - réponses

PersonnageRéponse% Correct
TintinMilou
97%
BouleBill
94%
AstérixIdéfix
94%
SébastienBelle
93%
Mickey MousePluto
85%
RoxRouky
81%
Lucky LukeRan Tan Plan
79%
WallaceGromit
68%
SammyScooby Doo
47%
PerditaPongo
46%
Charlie BrownSnoopy
43%
GarfieldOdie
38%
Les SimpsonsLe petit Renne au Nez Rouge
34%
ClochardLady
32%
HerculePif
26%

Distribution des résultats

Percentile par nombre de réponses

% des personnes avec chaque résultat

Votre développement - résultats

Vous n’avez pas pris ce quiz